000 00298nam a22001337a 4500
999 _c160530
_d160530
082 _a
_b
100 _aMaurice A Canney
245 _aAn encyclopaedia of religions/
_cby Maurice A Canney.
250 _a
260 _aDelhi:
_bNag Pub,
_c1976p.
300 _a397p.
650 _a
942 _cBK